[Event "Titled Tue 1st Jul Early"]
[Site "chess.com INT"]
[Date "2025.07.01"]
[Round "6"]
[White "Raptis, Nick"]
[Black "Sava, Robert-Gabriel"]
[Result "0-1"]
[WhiteTitle "FM"]
[BlackTitle "CM"]
[WhiteElo "2220"]
[BlackElo "2121"]
[WhiteFideId "2016850"]
[BlackFideId "1265725"]
[EventDate "2025.07.01"]

1. d4 e6 2. Nc3 b6 3. e4 Bb7 4. Bd3 Bb4 5. Ne2 Nf6 6. O-O d5 7. e5 Ne4 8. a3
Nxc3 9. bxc3 Be7 10. f4 c5 11. Ng3 c4 12. Be2 g6 13. a4 Qd7 14. Nh1 Nc6 15. Nf2
h5 16. Nh3 O-O-O 17. Ng5 Rdf8 18. Ba3 Bxa3 19. Rxa3 Qe7 20. Ra1 Kb8 21. g3 Na5
22. Kg2 Bc6 23. h3 Qd7 24. g4 hxg4 25. hxg4 Bxa4 26. Qd2 Bc6 27. Rh1 Nb7 28. Qe3
a5 29. Qf3 b5 30. Kg3 Kc7 31. Rh7 Rxh7 32. Nxh7 Rh8 33. Nf6 Qe7 34. Bf1 Qf8 35.
Bh3 Qh6 36. Kg2 Kb6 37. Rh1 a4 38. Qe3 a3 39. Ra1 Qf8 40. Qc1 Qh6 41. Qe3 Ra8
42. Ra2 Qf8 43. Nh7 Qe7 44. Ng5 Be8 45. Qd2 Na5 46. f5 Nc6 47. f6 Qa7 48. Nh7
Qa4 49. g5 b4 50. cxb4 Qxb4 51. c3 Qb1 52. Nf8 Qe4+ 53. Kg3 Qb1 54. Nxe6 fxe6
55. Bxe6 Qg1+ 56. Kf3 Qf1+ 57. Kg3 Qd3+ 58. Qxd3 cxd3 59. Kf2 Nd8 60. Bxd5 Ra5
61. Bc4 Bb5 0-1

[Event "Titled Tue 1st Jul Early"]
[Site "chess.com INT"]
[Date "2025.07.01"]
[Round "6"]
[White "Sitnic, Adnan"]
[Black "Sailer, Mike"]
[Result "1/2-1/2"]
[WhiteTitle "CM"]
[WhiteElo "2058"]
[BlackElo "2108"]
[WhiteFideId "14403854"]
[BlackFideId "2012901"]
[EventDate "2025.07.01"]

1. e4 d5 2. exd5 Qxd5 3. Nc3 Qd6 4. Nf3 c6 5. d4 Nf6 6. g3 Bf5 7. Bf4 Qd8 8. Bg2
e6 9. O-O Be7 10. h3 h6 11. g4 Bh7 12. Ne5 O-O 13. Ne2 Nbd7 14. c3 Nxe5 15. Bxe5
a5 16. a4 Bd6 17. f4 Nd5 18. Qd2 Be7 19. f5 Bg5 20. Qd3 Ne3 21. Rf3 Nxg2 22.
Kxg2 Re8 23. Ng3 exf5 24. gxf5 f6 25. Bf4 Bxf4 26. Rxf4 Kh8 27. Rff1 Qd5+ 28.
Kh2 Re7 29. Rae1 Rae8 30. Rxe7 Rxe7 31. Rf2 Bg8 32. Re2 Rxe2+ 33. Qxe2 Qd7 34.
Qe4 Bd5 35. Qg4 Qe7 36. Nh5 Kg8 37. Nf4 Qd6 38. Qg3 Bf7 39. Ne6 Qxg3+ 40. Kxg3
Bxe6 41. fxe6 Kf8 42. c4 Ke7 43. d5 cxd5 44. cxd5 g6 45. Kg4 f5+ 46. Kf4 Kf6 47.
h4 g5+ 48. hxg5+ hxg5+ 49. Ke3 Ke7 50. Kd4 Kd6 51. b3 g4 52. Ke3 Ke7 53. Kf4 Kd6
54. Kxf5 g3 55. Kf6 g2 56. e7 g1=Q 57. e8=Q Qf2+ 58. Kg7 Qg3+ 59. Kf6 Qf4+ 60.
Kg6 Qg4+ 61. Kf6 Qf4+ 62. Kg6 Qg4+ 63. Kf6 Qf4+ 1/2-1/2

[Event "Titled Tue 1st Jul Early"]
[Site "chess.com INT"]
[Date "2025.07.01"]
[Round "6"]
[White "Marchesich, Giovanni"]
[Black "Teterev, Vitaly"]
[Result "1/2-1/2"]
[WhiteTitle "CM"]
[BlackTitle "GM"]
[WhiteElo "2189"]
[BlackElo "2248"]
[WhiteFideId "2824790"]
[BlackFideId "13501429"]
[EventDate "2025.07.01"]

1. d4 Nf6 2. Nc3 d5 3. Bf4 a6 4. e3 e6 5. g4 Bb4 6. Bd3 c5 7. g5 Ne4 8. Bxe4
dxe4 9. dxc5 Qa5 10. Ne2 Nc6 11. a3 Bxc3+ 12. Nxc3 Qxc5 13. Nxe4 Qa5+ 14. b4 Qd5
15. Qxd5 exd5 16. Nc3 Be6 17. O-O-O Rd8 18. Ne2 Ke7 19. Nd4 Nxd4 20. Rxd4 Rc8
21. Kb2 Rc6 22. c3 Rhc8 23. Rc1 b5 24. Rd2 Rc4 25. Be5 f6 26. gxf6+ gxf6 27. Bd4
Kf7 28. Rg1 Bf5 29. f4 Be4 30. Rg3 R4c6 31. Rd1 Rg8 32. Rdg1 Rg6 33. Kb3 Rc8 34.
a4 Bd3 35. axb5 axb5 36. Ra1 Rxg3 37. Ra7+ Kg6 38. hxg3 Rc6 39. g4 Be2 40. Rb7
h5 41. g5 fxg5 42. Rg7+ Kf5 43. Rxg5+ Ke4 44. Re5+ Kf3 45. Rxh5 Bc4+ 46. Kc2 Ra6
47. Rh3+ Kg4 48. Rh7 Ra2+ 49. Kb1 Re2 50. Rg7+ Kf5 51. Re7 Bd3+ 52. Kc1 Bc4 53.
Kd1 Ra2 54. Ra7 Rh2 55. Ke1 Ke4 56. f5 Kxf5 57. Re7 Ra2 58. Kd1 Kg4 59. Rf7 Kg3
60. Ke1 Kg4 61. Kd1 Rg2 62. Rg7+ Kf3 63. Rxg2 Kxg2 64. Ke1 Kf3 65. Kd2 Ke4 66.
Ke1 Bd3 67. Kf2 Bc4 68. Kg3 Bd3 69. Kg4 Bc4 70. Kg5 Bd3 71. Kf6 Bc4 72. Ke7 Bd3
73. Kd6 Bc4 74. Kc5 Bd3 75. Kd6 Bc4 76. Kc6 Bd3 77. Kd6 1/2-1/2

[Event "Titled Tue 1st Jul Early"]
[Site "chess.com INT"]
[Date "2025.07.01"]
[Round "6"]
[White "Estrada Nieto, Julian"]
[Black "Petersen, Marcel"]
[Result "1-0"]
[WhiteTitle "IM"]
[BlackTitle "CM"]
[WhiteElo "2189"]
[BlackElo "2236"]
[WhiteFideId "5101018"]
[BlackFideId "12935670"]
[EventDate "2025.07.01"]

1. e4 g6 2. d4 Bg7 3. Nf3 c6 4. Nc3 d5 5. h3 dxe4 6. Nxe4 Nf6 7. Nxf6+ exf6 8.
Be2 O-O 9. O-O f5 10. c4 Nd7 11. Bf4 Nf6 12. Be5 Re8 13. Re1 Ne4 14. Bxg7 Kxg7
15. Qc2 Be6 16. Rad1 Qf6 17. Qc1 Rad8 18. Bd3 Bc8 19. h4 h6 20. Re3 Nd6 21. Re5
b6 22. Rde1 Be6 23. b3 Nb7 24. Qf4 Re7 25. Bc2 Red7 26. Kh2 Kh7 27. Kg3 Kg7 28.
R1e2 Kh7 29. Re1 Kg7 30. R5e2 Kg8 31. Qxh6 Rxd4 32. Nxd4 Rxd4 33. f4 Nc5 34. Qg5
Qh8 35. h5 Kg7 36. Rh1 Ne4+ 37. Bxe4 fxe4 38. Qe5+ Kg8 39. Qxh8+ Kxh8 40. hxg6+
Kg7 41. gxf7 Bxf7 42. Rhe1 Bg6 43. Kf2 Kf6 44. g4 Bh7 45. Kg3 Rd3+ 46. Re3 Rd2
47. R1e2 Rd1 48. f5 Rg1+ 49. Rg2 Ra1 50. Rxe4 Bg8 51. Rd2 Kg5 52. Rd6 Rg1+ 53.
Kf2 Rh1 54. Rg6+ Kh4 55. Rxg8 Rh2+ 56. Ke3 Rxa2 57. f6 Kg3 58. f7 Ra1 59. f8=Q
Re1+ 60. Kd4 c5+ 61. Kd5 Rd1+ 62. Kc6 a5 63. Re3+ Kh4 64. Qf3 1-0

[Event "Titled Tue 1st Jul Early"]
[Site "chess.com INT"]
[Date "2025.07.01"]
[Round "6"]
[White "Goryachkina, Aleksandra"]
[Black "Shimanov, Aleksandr"]
[Result "1/2-1/2"]
[WhiteTitle "GM"]
[BlackTitle "GM"]
[WhiteElo "2533"]
[BlackElo "2578"]
[WhiteFideId "4147103"]
[BlackFideId "4198603"]
[EventDate "2025.07.01"]

1. e4 c5 2. Nf3 Nc6 3. Bb5 e6 4. O-O Nge7 5. Re1 a6 6. Bf1 Ng6 7. c3 d5 8. exd5
Qxd5 9. d4 cxd4 10. cxd4 Be7 11. Nc3 Qd8 12. d5 exd5 13. Nxd5 O-O 14. Nxe7+
Ngxe7 15. Qxd8 Rxd8 16. Bg5 Kf8 17. Bc4 Bg4 18. Ne5 Nxe5 19. Bxe7+ Kxe7 20.
Rxe5+ Kf8 21. h3 Bd7 22. Rae1 Rac8 23. Bb3 Re8 24. f3 Rxe5 25. Rxe5 Rc1+ 26. Kf2
Rb1 27. Re2 Bc6 28. Ke3 h5 29. Kd4 Rc1 30. Rc2 Rxc2 31. Bxc2 b6 32. Bd3 a5 33.
h4 Ke7 34. Ke5 f6+ 35. Kf5 Be8 36. a3 Kd6 37. g4 hxg4 38. fxg4 Kd5 39. g5 fxg5
40. Kxg5 Ke6 41. Bg6 Bc6 42. Bf5+ Ke7 43. Kg6 Kf8 44. Bd3 Bd7 45. Bc4 Bc8 46.
Bd5 Ba6 47. Bb3 Bd3+ 48. Kg5 Ke7 49. Bd5 Kd6 50. Bf7 Ke7 51. Bg6 Bf1 52. Be4 Bc4
53. Kg6 Kf8 54. Kf5 Kf7 55. Ke5 Ke7 56. Bf5 Bf7 57. Be4 Be8 58. Bf5 Bb5 59. Be4
Bc4 60. Bf3 Kf7 61. Bh5+ Ke7 62. Bf3 Be6 63. Be4 Bd7 64. Bd3 Kf7 65. Be4 Ke7 66.
Bd3 Bc6 67. Bf5 Bb5 68. Be4 Kd7 69. Kf5 Ke7 70. Ke5 1/2-1/2

[Event "Titled Tue 1st Jul Early"]
[Site "chess.com INT"]
[Date "2025.07.01"]
[Round "6"]
[White "Ravshanov, Sheralijon"]
[Black "Vihaan Dumir"]
[Result "1-0"]
[WhiteTitle "CM"]
[BlackTitle "CM"]
[WhiteElo "2156"]
[BlackElo "2143"]
[WhiteFideId "14212170"]
[BlackFideId "25901010"]
[EventDate "2025.07.01"]

1. g3 Nf6 2. Bg2 d5 3. b3 Bf5 4. Bb2 e6 5. d3 h6 6. Nf3 c6 7. O-O Be7 8. Nbd2
Bh7 9. Qe1 O-O 10. e4 a5 11. Qe2 Re8 12. Rfe1 a4 13. Rad1 axb3 14. axb3 Ra2 15.
Rb1 Na6 16. Rec1 Qa5 17. Ra1 Nb4 18. c3 Na6 19. Ne1 Rxa1 20. Rxa1 Qb6 21. b4 c5
22. Nb3 cxb4 23. c4 dxc4 24. dxc4 Nd7 25. Nd3 Nac5 26. Bd4 Qc7 27. Ndxc5 Nxc5
28. Qb2 f6 29. Nd2 e5 30. Be3 Na6 31. Nf3 Qxc4 32. Bf1 Qxe4 33. Nd2 Qc6 34. Qb3+
Kh8 35. Bg2 Qc3 36. Qa4 Rb8 37. Bxb7 Rxb7 38. Qxa6 Rb8 39. Qa7 Re8 40. Ra6 Bd3
41. Qd7 Qc8 42. Qxd3 Bf8 43. Rb6 Rd8 44. Qb5 Qc1+ 45. Kg2 Rxd2 46. Rb8 Kh7 47.
Bxd2 Qxd2 48. Rxf8 Qd4 49. Rb8 Qe4+ 50. Kg1 Qb1+ 51. Qf1 Qe4 52. Rb5 Qd4 53.
Qb1+ Kh8 54. Rb8+ 1-0

[Event "Titled Tue 1st Jul Early"]
[Site "chess.com INT"]
[Date "2025.07.01"]
[Round "6"]
[White "Akhmedov, David"]
[Black "Mardov, Dimitar"]
[Result "1-0"]
[WhiteTitle "FM"]
[BlackTitle "IM"]
[WhiteElo "2447"]
[BlackElo "2506"]
[WhiteFideId "34220194"]
[BlackFideId "30919495"]
[EventDate "2025.07.01"]

1. d4 Nf6 2. c4 e6 3. Nf3 b6 4. g3 Bb7 5. Bg2 Bb4+ 6. Bd2 c5 7. O-O O-O 8. Bxb4
cxb4 9. Nbd2 a5 10. b3 d6 11. Qc2 Qc7 12. Qd3 Nc6 13. e4 e5 14. Rad1 Rad8 15.
Rfe1 Rfe8 16. Nf1 Bc8 17. h3 h6 18. Ne3 Qb8 19. Re2 Ne7 20. Rde1 Bb7 21. Ng4
Nxg4 22. hxg4 Qc8 23. g5 hxg5 24. Nxg5 Qg4 25. Nf3 Qg6 26. Qe3 Qf6 27. Rd2 Nc8
28. Red1 exd4 29. Nxd4 g6 30. Nb5 Bc6 31. Nd4 Bb7 32. Re1 d5 33. e5 Qe7 34. cxd5
Bxd5 35. Bxd5 Rxd5 36. Nf5 Qd7 37. Rxd5 Qxd5 38. Qg5 Qe6 39. Nh6+ Kg7 40. Ng4
Rh8 41. Rd1 Qf5 42. Qf6+ Qxf6 43. exf6+ Kh7 44. Rd7 Rf8 45. Ne5 Kg8 46. g4 g5
47. Nf3 Kh7 48. Nxg5+ Kg6 49. Ne4 Re8 50. f3 b5 51. Rb7 Re5 52. Kf2 Rd5 53. Ke3
Nd6 54. Nxd6 Rxd6 55. Rxb5 Ra6 56. g5 a4 57. f4 axb3 58. axb3 Re6+ 59. Kf3 Rc6
60. Rxb4 Rc3+ 61. Kg4 Rc5 62. Rb7 Rf5 63. Rxf7 Rxg5+ 64. fxg5 Kxf7 65. Kf5 Kf8
66. b4 Kg8 67. b5 Kh8 68. b6 Kh7 69. b7 Kh8 70. b8=Q+ Kh7 71. g6+ Kh6 72. Qh8# 1-0

[Event "Titled Tue 1st Jul Early"]
[Site "chess.com INT"]
[Date "2025.07.01"]
[Round "6"]
[White "Lyakh, Vasiliy"]
[Black "Przybylski, Bartosz"]
[Result "1-0"]
[BlackTitle "CM"]
[WhiteElo "2123"]
[BlackElo "2062"]
[WhiteFideId "14189828"]
[BlackFideId "21878323"]
[EventDate "2025.07.01"]

1. d4 d6 2. e4 Nf6 3. Nc3 e5 4. Nf3 exd4 5. Nxd4 Be7 6. f3 O-O 7. Be3 d5 8. e5
c5 9. exf6 Bxf6 10. Be2 Re8 11. Bf2 cxd4 12. Bxd4 Bxd4 13. Qxd4 Nc6 14. Qd2 d4
15. Ne4 Bf5 16. Ng3 Bxc2 17. O-O Bg6 18. Bc4 d3 19. Kh1 Qd4 20. Bb3 Rad8 21.
Rae1 Qb4 22. Qxb4 Nxb4 23. Rd1 d2 24. Rf2 Bc2 25. Bxc2 Nxc2 26. Ne4 f5 27. Nxd2
Ne3 28. Re1 f4 29. Ne4 h6 30. g3 Nd5 31. Rd2 Nb6 32. Red1 Rxd2 33. Rxd2 fxg3 34.
hxg3 Rc8 35. b3 Rc1+ 36. Kg2 Rc7 37. g4 Kf7 38. Kg3 Nc8 39. Rd8 Ne7 40. Nd6+ Ke6
41. Nc4 b5 42. Ne3 Rc3 43. Ng2 Rc2 44. Nf4+ Kf7 45. Rd7 Rxa2 46. Nd5 Ke6 47.
Rxe7+ Kxd5 48. Rxg7 Rb2 49. Rxa7 Rxb3 50. Rh7 Rb1 51. Rxh6 b4 52. Rb6 b3 53. g5
b2 54. Kf4 Kc5 55. Rb8 Kd6 56. Kf5 Ke7 57. f4 Kf7 58. Rb7+ Ke8 59. g6 Kd8 60. g7
Rg1 61. Kf6 Kc8 62. Rxb2 Rg5 63. fxg5 1-0

[Event "Titled Tue 1st Jul Early"]
[Site "chess.com INT"]
[Date "2025.07.01"]
[Round "6"]
[White "Povshednyi, Ivan"]
[Black "Omariev, Maksim"]
[Result "1-0"]
[WhiteTitle "FM"]
[BlackTitle "FM"]
[WhiteElo "2307"]
[BlackElo "2304"]
[WhiteFideId "14190907"]
[BlackFideId "4193423"]
[EventDate "2025.07.01"]

1. Nf3 d5 2. g3 c6 3. c4 Nf6 4. Bg2 Bf5 5. Qb3 Qb6 6. O-O e6 7. d3 Nbd7 8. cxd5
exd5 9. Qc2 Be7 10. Nc3 h6 11. e4 dxe4 12. dxe4 Bh7 13. Qe2 Nc5 14. Be3 Qa6 15.
Qxa6 Nxa6 16. Ne5 Nc5 17. f3 O-O 18. Rfd1 Rfd8 19. Bf1 Kf8 20. Bc4 Bg8 21. a3
Nfd7 22. Nxd7+ Nxd7 23. f4 a5 24. e5 b5 25. Be2 f6 26. Bf3 Rac8 27. Bg4 Rc7 28.
Rac1 fxe5 29. Nxb5 Rb7 30. Nc3 exf4 31. Bxf4 Nf6 32. Rxd8+ Bxd8 33. Bd6+ Be7 34.
Bxe7+ Kxe7 35. Re1+ Kd8 36. Be6 Rxb2 37. Bxg8 Nxg8 38. Na4 Ra2 39. Nc5 Rxa3 40.
Ne6+ Kd7 41. Nxg7 Ne7 42. Ne6 Rc3 43. Nf8+ Kd6 44. Re6+ Kd5 45. Rxe7 a4 46. Ra7
a3 47. Nd7 Kc4 48. Kg2 Kb3 49. Nb6 a2 50. Kh3 Kb2 51. Na4+ Kb3 52. Nxc3 Kxc3 53.
Rxa2 c5 54. Ra8 c4 55. Kh4 Kd3 56. Kh5 c3 57. Rc8 c2 58. Rxc2 Kxc2 59. Kxh6 Kd3
60. g4 Ke4 61. g5 Kf5 62. g6 Kf6 63. Kh7 Kg5 64. g7 Kh5 65. g8=Q Kh4 66. Qg3+
Kh5 67. Kg8 Kh6 68. Kf7 Kh5 69. Kf6 Kh6 70. Qh3# 1-0

[Event "Titled Tue 1st Jul Early"]
[Site "chess.com INT"]
[Date "2025.07.01"]
[Round "6"]
[White "Ghoreishi Amiri, Seyed Kian"]
[Black "Nurgaliyev, Sauat"]
[Result "1-0"]
[WhiteTitle "CM"]
[BlackTitle "IM"]
[WhiteElo "2215"]
[BlackElo "2404"]
[WhiteFideId "36757527"]
[BlackFideId "13726285"]
[EventDate "2025.07.01"]

1. e4 c5 2. Nf3 d6 3. d4 cxd4 4. Nxd4 Nf6 5. Nc3 a6 6. f3 e5 7. Nb3 Be6 8. Be3
h5 9. Nd5 Bxd5 10. exd5 Nbd7 11. Qd2 g6 12. O-O-O Nb6 13. Qa5 Bh6 14. Bxh6 Rxh6
15. Qd2 Rh8 16. f4 exf4 17. Qxf4 Nfxd5 18. Re1+ Kf8 19. Qd4 Qf6 20. Qxf6 Nxf6
21. Bd3 Nbd5 22. Rhf1 Kg7 23. Nd4 Rhe8 24. Kd2 Re5 25. Nf3 Rxe1 26. Rxe1 Nf4 27.
Re7 Nxd3 28. Kxd3 b5 29. Ng5 Ng4 30. Rxf7+ Kh6 31. Nf3 Re8 32. Ra7 Nf2+ 33. Kd4
Re2 34. Rxa6 Rxc2 35. Rxd6 Rxb2 36. Ne5 Rd2+ 37. Ke3 Rxa2 38. Rxg6+ Kh7 39. Rb6
Nd1+ 40. Kf3 Ra3+ 41. Kf4 Nc3 42. Kg5 Nd5 43. Rb7+ Kg8 44. Ng6 Ra6 45. Kh6 Rxg6+
46. Kxg6 Nf4+ 47. Kg5 Nxg2 48. Rxb5 h4 49. h3 Kg7 50. Rb2 Ne3 51. Re2 Nd5 52.
Kxh4 Nf4 53. Rf2 Ng6+ 54. Kg5 Ne5 55. h4 Nf7+ 56. Kh5 Ne5 57. Rg2+ Kh7 58. Ra2
Nd3 59. Ra7+ Kg8 60. Kh6 Ne5 61. Ra8+ Kf7 62. h5 Ng4+ 63. Kg5 Ne5 64. h6 Nf3+
65. Kf4 Nh4 66. h7 Ng6+ 67. Kg5 Kg7 68. Rg8+ Kxh7 69. Rxg6 Kh8 70. Kf6 Kh7 71.
Kf7 1-0

[Event "Titled Tue 1st Jul Early"]
[Site "chess.com INT"]
[Date "2025.07.01"]
[Round "6"]
[White "Gardezi, Arsal"]
[Black "Zakin, Ilay"]
[Result "1/2-1/2"]
[BlackTitle "FM"]
[WhiteElo "2084"]
[BlackElo "2300"]
[WhiteFideId "30949521"]
[BlackFideId "2848279"]
[EventDate "2025.07.01"]

1. Nf3 Nf6 2. g3 c5 3. Bg2 g6 4. O-O Bg7 5. c4 O-O 6. Nc3 Nc6 7. d4 cxd4 8. Nxd4
Qa5 9. Nxc6 bxc6 10. Qc2 d5 11. cxd5 cxd5 12. Bd2 Bf5 13. Nxd5 Qxd5 14. Bxd5
Bxc2 15. Bxa8 Rxa8 16. Rac1 Bf5 17. f3 Be6 18. b3 Nd5 19. e4 Nb6 20. Be3 Rc8 21.
Rxc8+ Bxc8 22. Rd1 Nd7 23. Rc1 Ba6 24. Rc7 Nf8 25. Rxa7 Bd3 26. Rxe7 h5 27. a4
h4 28. b4 Ne6 29. b5 h3 30. Re8+ Kh7 31. b6 Nd4 32. Kf2 Nc6 33. b7 Be5 34. Rxe5
Ba6 35. Rc5 Bxb7 36. a5 Nb4 37. Rb5 Nd3+ 38. Kg1 Ba6 39. Rb6 Bc4 40. a6 Ne1 41.
a7 Nxf3+ 42. Kf2 Nxh2 43. a8=Q Ng4+ 44. Kg1 h2+ 45. Kh1 Be2 46. e5 Nxe3 47. Qe4
Nf1 48. Qxe2 Nxg3+ 49. Kxh2 Nxe2 50. Rb2 Nf4 51. Rb7 Kg7 52. Kg3 Ne6 53. Kf3 Kf8
54. Ra7 Kg7 55. Ke4 Nf8 56. Kd5 Ne6 57. Kd6 g5 58. Ke7 g4 59. Ke8 Kg6 60. Ra4
Kf5 61. Kxf7 g3 62. Ra3 Ng5+ 63. Ke7 Ne4 64. e6 g2 65. Ra1 Ng5 66. Ra5+ Kf4 67.
Ra4+ Ke5 68. Ra5+ Kf4 69. Ra4+ Kg3 70. Ra1 Kf2 71. Kf6 Ne4+ 72. Ke5 Nd2 73. e7
Nf1 74. Ra2+ Kg1 75. Rxg2+ Kxg2 76. e8=Q Ng3 77. Qg6 Kf3 78. Qg5 Ne2 79. Qf4+
Nxf4 1/2-1/2

[Event "Titled Tue 1st Jul Early"]
[Site "chess.com INT"]
[Date "2025.07.01"]
[Round "6"]
[White "Wong, Yinn Long"]
[Black "Drygalov, Sergey"]
[Result "1-0"]
[WhiteTitle "FM"]
[BlackTitle "GM"]
[WhiteElo "2300"]
[BlackElo "2560"]
[WhiteFideId "5707684"]
[BlackFideId "24171743"]
[EventDate "2025.07.01"]

1. e4 c5 2. Nc3 d6 3. Bb5+ Nd7 4. d4 cxd4 5. Qxd4 a6 6. Bxd7+ Bxd7 7. Nge2 Rc8
8. Qb4 b5 9. a4 bxa4 10. O-O Nf6 11. Nxa4 Rb8 12. Qd4 e6 13. Nac3 Qc8 14. Qd3
Ra8 15. Bf4 e5 16. Bg5 Be7 17. Bxf6 Bxf6 18. Qxd6 Qc6 19. Rfd1 Qxd6 20. Rxd6 a5
21. Nd5 Bd8 22. Nb6 Bxb6 23. Rxb6 O-O 24. Nc3 Rfc8 25. f3 f6 26. Kf2 Rab8 27.
Rxb8 Rxb8 28. Ra2 Kf7 29. b3 Ra8 30. Nd5 Ra7 31. Ke3 Ke6 32. Nb4 Kd6 33. Nd5 Ra8
34. Nb6 Ra6 35. Nc4+ Kc5 36. Rxa5+ Rxa5 37. Nxa5 Bb5 38. c3 Kb6 39. b4 Bf1 40.
g3 Kb5 41. h4 g5 42. Nb3 h5 43. Nd2 Bh3 44. Kd3 Be6 45. Ke3 Bf7 46. Ke2 Be6 47.
Kf2 Bf7 48. Ke3 Be6 49. Nb1 Kc4 50. Kd2 Kb5 51. Kc2 f5 52. hxg5 f4 53. gxf4 h4
54. Nd2 Bc4 55. g6 h3 56. Nxc4 h2 57. g7 h1=Q 58. g8=Q Qxf3 59. Nd2 Qxf4 60.
Qd5+ Ka6 61. Qc6+ Ka7 62. b5 Qe3 63. Qa6+ Kb8 64. Qd6+ Ka7 65. b6+ Ka6 66. Qd3+ 1-0

[Event "Titled Tue 1st Jul Early"]
[Site "chess.com INT"]
[Date "2025.07.01"]
[Round "6"]
[White "Nicot, Valentin"]
[Black "Mattenberger, Matthias"]
[Result "1/2-1/2"]
[WhiteTitle "CM"]
[BlackTitle "FM"]
[WhiteElo "2157"]
[BlackElo "2276"]
[WhiteFideId "651002477"]
[BlackFideId "1339958"]
[EventDate "2025.07.01"]

1. d4 Nf6 2. Nf3 g6 3. g3 Bg7 4. Bg2 d5 5. O-O O-O 6. c4 dxc4 7. Nc3 c5 8. d5 e6
9. e4 exd5 10. exd5 Bf5 11. Ne5 Nbd7 12. Nxc4 Re8 13. Nd6 Re7 14. Nxf5 gxf5 15.
d6 Re8 16. Bxb7 Rb8 17. Bg2 Ne4 18. Qc2 Ndf6 19. Bf4 Qd7 20. Rad1 Nxc3 21. bxc3
Ne4 22. Rb1 Rxb1 23. Rxb1 Nxc3 24. Rf1 Ne2+ 25. Kh1 Nxf4 26. gxf4 Qxd6 27. Qxf5
Bd4 28. Bd5 Qf6 29. Rg1+ Kh8 30. Qxf6+ Bxf6 31. Bxf7 Rf8 32. Be6 h6 33. f5 Bd4
34. Kg2 Kg7 35. Kf3+ Kf6 36. Rg6+ Ke5 37. Rxh6 Rb8 38. Rh7 Rb2 39. Rxa7 Rxf2+
40. Kg3 Rf1 41. Ra5 Rg1+ 42. Kf3 Rf1+ 43. Kg2 Rg1+ 44. Kf3 Rf1+ 45. Kg4 Rg1+ 46.
Kh5 Rh1 47. h4 Bf2 48. Ra4 Kf6 49. Rc4 Bd4 50. a4 Rh2 51. Rc1 Bf2 52. Rc4 Bd4
53. Bd7 Rh1 54. Kg4 Rg1+ 55. Kf3 Rh1 56. Ke4 Rxh4+ 57. Kd5 Rh8 58. Bc6 Ke7 59.
a5 Rh1 60. a6 Ra1 61. Bb7 Kd7 62. f6 Kc7 63. f7 Rf1 64. Bc6 Rxf7 65. a7 Rf5+ 66.
Ke4 Re5+ 67. Kd3 Re3+ 68. Kd2 Kxc6 69. a8=Q+ Kb5 70. Qb7+ Kxc4 71. Qa6+ Kd5 72.
Qb7+ Kc4 73. Qf7+ Kb5 74. Qb7+ Kc4 1/2-1/2

[Event "Titled Tue 1st Jul Early"]
[Site "chess.com INT"]
[Date "2025.07.01"]
[Round "6"]
[White "Naroditsky, Daniel"]
[Black "Bok, Benjamin"]
[Result "1-0"]
[WhiteTitle "GM"]
[BlackTitle "GM"]
[WhiteElo "2619"]
[BlackElo "2593"]
[WhiteFideId "2026961"]
[BlackFideId "1017063"]
[EventDate "2025.07.01"]

1. c4 c5 2. Nf3 Nc6 3. Nc3 Nf6 4. e4 d6 5. d4 Bg4 6. d5 Nd4 7. Be3 Bxf3 8. gxf3
g6 9. f4 Bg7 10. h4 Qa5 11. Bd3 a6 12. Kf1 b5 13. cxb5 axb5 14. Bxd4 cxd4 15.
Nxb5 Nxe4 16. Qe1 Nf6 17. Nxd6+ Kf8 18. Qxa5 Rxa5 19. Nc4 Rxd5 20. a4 Bh6 21. a5
Kg7 22. a6 Rb5 23. f5 Ra8 24. Kg2 Ra7 25. Nd6 Rb3 26. Nb5 Rxa6 27. Rxa6 Rxd3 28.
Re1 Nd5 29. Rxe7 Bc1 30. f6+ Nxf6 31. Nd6 Nd5 32. Rxf7+ Kh6 33. Nf5+ Kh5 34.
Ng3+ Kg4 35. f3+ Kxh4 36. Rxh7+ Kg5 37. Ne4+ Kf4 38. Nf2 Rd2 39. Rf7+ Ke5 40.
Kg3 Ne3 41. Re7+ Kd5 42. Rd7+ Kc5 43. Ne4+ Kb5 44. Nxd2 Kxa6 45. Nb3 Bxb2 46.
Kf4 Nf5 47. Kg5 Kb6 48. Kxg6 Nh4+ 49. Kg5 Nxf3+ 50. Kf4 Ne1 51. Ke4 Nc2 52. Rd8
Kc7 53. Rg8 Nb4 54. Nc5 d3 55. Rg2 Bc3 56. Na4 Bf6 57. Rf2 Be7 58. Nc3 Kc6 59.
Rf7 Bc5 60. Rf6+ Kd7 61. Rf5 Bd6 62. Kd4 Be7 63. Kc4 Ke6 64. Rh5 Nc6 65. Kxd3
Ne5+ 66. Ke4 Nd7 67. Rh6+ Nf6+ 68. Kf4 Bd6+ 69. Kg5 Ke5 70. Nb5 Bb4 71. Kg6 Ne4
72. Rh5+ Kf4 73. Rh4+ Ke3 74. Nc7 Kf3 75. Nd5 Bc5 76. Rf4+ Kg3 77. Rxe4 1-0

[Event "Titled Tue 1st Jul Early"]
[Site "chess.com INT"]
[Date "2025.07.01"]
[Round "6"]
[White "Porozhnyak, Maya"]
[Black "Lopez Rayo, Santiago"]
[Result "0-1"]
[WhiteTitle "WCM"]
[BlackTitle "FM"]
[WhiteElo "1953"]
[BlackElo "2350"]
[WhiteFideId "34115843"]
[BlackFideId "4455665"]
[EventDate "2025.07.01"]

1. e4 c5 2. Nf3 d6 3. d4 cxd4 4. c3 dxc3 5. Nxc3 Nf6 6. Bc4 Nc6 7. O-O e6 8. Qe2
Be7 9. Rd1 Qc7 10. Bf4 e5 11. Bg5 a6 12. h3 O-O 13. Rac1 Qb8 14. Bxf6 Bxf6 15.
Nd5 Bd8 16. a4 Be6 17. Ne3 Bb6 18. Nf5 Bc5 19. Ng5 Bxc4 20. Rxc4 h6 21. Nf3 b5
22. Rc3 bxa4 23. N3h4 Nd4 24. Qg4 Nxf5 25. Nxf5 g6 26. Nxh6+ Kh7 27. Qh4 Qd8 28.
Qxd8 Raxd8 29. Nxf7 Bxf2+ 30. Kxf2 Rxf7+ 31. Ke3 Rb7 32. Rd2 Rb6 33. Ra3 Rb4 34.
Rc2 Rf8 35. Ra2 Rf4 36. Rc6 Rbxe4+ 37. Kd3 Rd4+ 38. Kc3 Rf2 39. Rxa6 Rxg2 40.
R2xa4 Rg3+ 41. Kc2 Rxa4 42. Rxa4 Rxh3 43. Ra6 Re3 44. Rxd6 g5 45. Kd2 Re4 46.
Kd3 Rb4 47. Kc3 Rf4 48. Re6 Rf5 49. b4 g4 50. Kd3 g3 51. Rc6 g2 52. Rc7+ Kh6 53.
Rc6+ Kh5 54. Ke4 Rf1 55. Kxe5 g1=Q 56. Rc5 Qe3+ 57. Kd6+ Kg4 58. Kc6 Rf5 59. Kb5
Rxc5+ 60. bxc5 Qb3+ 61. Kc6 Qe6+ 62. Kb7 Qd7+ 63. Kb6 Qc8 64. c6 Kf5 65. c7 Ke6
66. Kc6 Ke7 67. Kc5 Kd7 68. Kb5 Kxc7 69. Ka5 Qe6 70. Kb5 Qd5+ 71. Kb4 Qc6 72.
Ka5 Qb7 73. Ka4 Kc6 74. Ka3 Kc5 75. Ka2 Kc4 76. Ka1 Kc3 77. Ka2 Qb2# 0-1

[Event "Titled Tue 1st Jul Early"]
[Site "chess.com INT"]
[Date "2025.07.01"]
[Round "6"]
[White "Fichter, Fabian"]
[Black "Fomevor, Cephas Clinton"]
[Result "1-0"]
[WhiteTitle "FM"]
[BlackTitle "CM"]
[WhiteElo "2227"]
[BlackElo "1883"]
[WhiteFideId "24613258"]
[BlackFideId "12601330"]
[EventDate "2025.07.01"]

1. e4 c5 2. Nf3 Nc6 3. d4 cxd4 4. Nxd4 Nf6 5. Nc3 e5 6. Ndb5 d6 7. Bg5 a6 8. Na3
b5 9. Nd5 Be7 10. Bxf6 Bxf6 11. c3 O-O 12. Nc2 Rb8 13. Be2 Bg5 14. O-O Ne7 15.
Ncb4 Nxd5 16. Nxd5 f5 17. exf5 Bxf5 18. a4 bxa4 19. Nb4 Qb6 20. Qxa4 a5 21. Qxa5
Be4 22. Bc4+ Kh8 23. Qxb6 Rxb6 24. Rad1 Be7 25. Bd5 Bg6 26. Ra1 h6 27. Ra7 Bf6
28. Ra6 Rfb8 29. Rxb6 Rxb6 30. Ra1 e4 31. Ra8+ Kh7 32. Bg8+ Kh8 33. Bf7+ Kh7 34.
Bxg6+ Kxg6 35. Kf1 Be5 36. Ke2 Rb7 37. Re8 Ra7 38. Ke3 Ra1 39. Kxe4 Rf1 40. f3
Bxh2 41. Kd5 Rf2 42. Nd3 Rxg2 43. Re6+ Kh7 44. Re4 Bg3 45. b4 h5 46. b5 h4 47.
Nf4 Ra2 48. Nh3 Ra8 49. Ng5+ Kg8 50. Nh3 Rd8 51. Kc6 Bf2 52. b6 Bg3 53. b7 d5
54. Re6 Rf8 55. Re7 d4 56. Rf7 Rxf7 57. cxd4 Bb8 58. d5 Bg3 59. d6 Rf6 60. b8=Q+
Kh7 61. Qc7 Rxd6+ 62. Qxd6 Bxd6 63. Kxd6 Kg6 64. Ke5 Kh5 65. Kf4 g6 66. Ng5 Kh6
67. Kg4 Kg7 68. Kxh4 Kf6 69. Kg4 Kg7 70. Nh3 Kh6 71. f4 Kg7 72. Kg5 Kf7 73. Nf2
Kg7 74. Ng4 Kf7 75. Ne5+ Kg7 76. Nxg6 Kf7 77. Nh4 Kg7 78. f5 Kf7 79. f6 Kf8 80.
Kg6 Kg8 81. Nf3 1-0